| 000 | 00708nam a2200229Ia 4500 | ||
|---|---|---|---|
| 003 | OSt | ||
| 005 | 20220704105142.0 | ||
| 008 | 210716s2009 xx 000 0 und d | ||
| 020 | _a9788120338807 | ||
| 040 | _cAIMIT LIBRARY | ||
| 041 | _aeng | ||
| 082 |
_a511.8 _22 _bBISP |
||
| 100 |
_aBiswal, Purna Chandra. _946836 |
||
| 245 |
_aDiscrete mathematics and graph theory / _cBy Purna Chandra Biswal. |
||
| 250 | _a2nd ed. | ||
| 260 |
_aNew Delhi : _bPHI Learning Pvt Ltd , _c2009. |
||
| 300 |
_axviii,490p. ; _c23 cm. |
||
| 650 |
_aBinary operation and algebra _946837 |
||
| 650 |
_aSystem with one binary operation _946838 |
||
| 650 |
_aCounting principle _946839 |
||
| 942 |
_2ddc _cBK _e2nd _k511.8 BISP |
||
| 999 |
_c190976 _d190976 |
||